00424nam a2200133 a 4500008004100000020001800041050001400059100001900073245010300092260003300195300002200228350001000250650003000260160215s2008 ||||||||||||||||| || u a9780853697145 aRS 57 Dur aDurham, Todd A10aIntroduction to statistics in pharmaceutical clinical trialscBy Todd A. Durham and J. Rick Turner aLondonbRPS Publishingc2008 axiii, 226p.: ill. a55.00 aPHARMACEUTICAL STATISTICS